LEADER 01082nam0-22003371i-450- 001 990001486800403321 010 $a0-8247-0319 035 $a000148680 035 $aFED01000148680 035 $a(Aleph)000148680FED01 035 $a000148680 100 $a20011019d1999----km-y0itay50------ba 101 0 $aeng 102 $aUS 105 $aa---a---001yy 200 1 $aAlgebraic generalizations of discrete groups$ea path to combinatorial group theory through one-relator products$fBenjamin Fine, Gerhard Rosenberger 210 $aNew York [etc.]$cMarcel Dekker$dc1999 215 $aix, 317 p.$cill.$d24 cm 225 1 $aMonographs and textbooks in pure and applied mathematics$v223 610 0 $aTeoria dei gruppi 676 $a512.2$v21 700 1$aFine,$bBenjamin$f1948- >$056763 701 1$aRosenberger,$bGerhard$066084 801 0$aIT$bUNINA$gRICA$2UNIMARC 901 $aBK 912 $a990001486800403321 952 $aC-8-(223$b17142$fMA1 959 $aMA1 962 $a20-02 996 $aAlgebraic generalizations of discrete groups$9378053 997 $aUNINA LEADER 03149oam 2200709I 450 001 996197715803316 005 20200520144314.0 010 $a1-134-78942-4 010 $a1-134-78943-2 010 $a1-280-31928-3 010 $a0-203-43523-0 024 7 $a10.4324/9780203435236 035 $a(CKB)111056485525004 035 $a(EBL)170088 035 $a(OCoLC)275331626 035 $a(SSID)ssj0000247268 035 $a(PQKBManifestationID)11195958 035 $a(PQKBTitleCode)TC0000247268 035 $a(PQKBWorkID)10195477 035 $a(PQKB)10823158 035 $a(MiAaPQ)EBC170088 035 $a(Au-PeEL)EBL170088 035 $a(CaPaEBR)ebr10058072 035 $a(CaONFJC)MIL31928 035 $a(OCoLC)252773085 035 $a(EXLCZ)99111056485525004 100 $a20180331d1997 uy 0 101 0 $aeng 135 $aur|n|---||||| 181 $ctxt 182 $cc 183 $acr 200 00$aSocial action with children and families $ea community development approach to child and family welfare /$fedited by Crescy Cannan and Chris Warren 210 1$aLondon ;$aNew York :$cRoutledge,$d1997. 215 $a1 online resource (240 p.) 225 1 $aThe state of welfare 300 $aDescription based upon print version of record. 311 $a1-138-46751-0 311 $a0-415-13151-0 320 $aIncludes bibliographical references and index. 327 $aBook Cover; Title; Contents; Contributors; Series editor's preface; Acknowledgements; Introduction; Community development and children: a contemporary agenda; Rethinking practice through a children's rights perspective; Mapping the future? A contribution from community social work in the community care field; Social development with children and families in France; Family support and the journey to empowerment; New social networks for families and children in Germany; The role of the centre in family support 327 $aMechanisms for empowerment: family group conferences and local family advocacy schemesLong-term development: neighbourhood community development work on estates; Think global, act local: towards residents' control of their life, health and environment; tools and skills in social development in France; Index; 330 $aArgues that meeting the needs of children requires a rediscovery and modernization of the social action and community development traditions of social work and aims to help those working in this field find a new, more positive sense of direction 410 0$aState of welfare. 606 $aSocial work with children 606 $aFamily social work 606 $aChild welfare 608 $aElectronic books. 615 0$aSocial work with children. 615 0$aFamily social work. 615 0$aChild welfare. 676 $a362.7 676 $a362.828 701 $aCannan$b Crescy$f1947-$0965700 701 $aWarren$b Chris$f1946-$0965701 801 0$bMiAaPQ 801 1$bMiAaPQ 801 2$bMiAaPQ 906 $aBOOK 912 $a996197715803316 996 $aSocial action with children and families$92191047 997 $aUNISA